00250 a2200109 4500001000700000040003500007100002600042240003000068245002500098300000800123362000900131155677 cEscola São Tomás de Aquino aAZEVEDO, Álvares de10aÁlvares de Azevedolpor10aÁlvares de Azevedo a1060 a1982